| 000 | 01322cam a22003613a 4500 | ||
|---|---|---|---|
| 001 | |||
| 003 | DO-SdBNP | ||
| 005 | 20220623132534.0 | ||
| 007 | 0000716 | ||
| 008 | 861112 2002 sp abc 000 0 spa d | ||
| 010 | _a | ||
| 020 | _a8424121368 | ||
| 040 |
_aBPMSU _cspa _dBPMSU _d |
||
| 082 |
_aR912 _bA881g 2002 _222 |
||
| 245 | 0 | 0 |
_aAtlas geográfico universal / _cEmilia González Ordás ; fotografías Miguel Raurich |
| 250 | _a11a. ed. | ||
| 260 |
_aLeón, España : _bEverest, _c2002. |
||
| 300 |
_a105, 144 p. : _bil., mapa, retrato _c29 cm. |
||
| 500 | _aIncluye índice toponímico. | ||
| 505 | 2 |
_tImágenes del Landsat -- _tLa comunidad europea -- _tEl mundo y sus continentes -- _tEl mundo -- _tEuropa -- _tEspaña y Portugal -- _tAsia -- _tÁfrica -- _tAmérica del Norte -- _tAmérica del Sur -- _tRegiones polares -- _tÍndice toponímico -- _tAustralia y Nueva Zelanda -- |
|
| 590 | _6Inventariado, 2022/VM | ||
| 600 | 0 | 0 |
_a _x |
| 651 | 4 |
_aAmérica _xGeografía _vAtlas. |
|
| 651 | 4 |
_aEuropa _xGeografía _vAtlas. |
|
| 651 | 4 |
_aAsia _xGeografía _vAtlas. |
|
| 651 | 4 |
_aÁfrica _xGeografía _vAtlas. |
|
| 651 | 4 |
_aOceanía _xGeografía _vAtlas. |
|
| 700 | 1 | _aGonzález Ordás, Emilia | |
| 700 | 1 | _aRaurich, Miguel | |
| 710 | 2 | _3Editorial Everest (España) | |
| 910 | _aVMateo V. | ||
| 942 |
_2ddc _cBK |
||
| 999 |
_c11542 _d11542 |
||